000
00236nam a22001217a 4500
041
_a
ENG
100
_a
Leidner.J
245
_a
Plastics Waste
260
_a
New York
_b
Marcel Dakker
_c
1995
300
_a
317
650
_a
FS
856
_u
FS
999
_c
829
_d
829